Evropské banky v testu obstály, výsledky budou mít vliv na jejich další dohled
EBA (Európska banková asociácia) a výsledky záťažových testov. Odolnosť európskeho bankového sektora voči nepriaznivému hospodárskemu vývoju. Volatilita na trhu finančných aktív a rozsiahly default nefinančných podnikov.
Salvato in:
| Natura: | Capitolo di libro |
|---|---|
| Lingua: | ceco |
| Soggetti: | |
| Tags: |
Nessun Tag, puoi essere il primo ad aggiungerne!!
|
MARC
| LEADER | 00000naa a2200000 4500 | ||
|---|---|---|---|
| 001 | 0278336 | ||
| 005 | 20210907124736.8 | ||
| 041 | 0 | |a cze | |
| 044 | |a CZ | ||
| 245 | 1 | 0 | |a Evropské banky v testu obstály, výsledky budou mít vliv na jejich další dohled |
| 520 | |a EBA (Európska banková asociácia) a výsledky záťažových testov. Odolnosť európskeho bankového sektora voči nepriaznivému hospodárskemu vývoju. Volatilita na trhu finančných aktív a rozsiahly default nefinančných podnikov. | ||
| 610 | 2 | 0 | |a bankovníctvo |
| 610 | 2 | 0 | |a banky |
| 610 | 2 | 0 | |a testovanie stresové |
| 610 | 2 | 0 | |a volatilita |
| 610 | 2 | 0 | |a trh finančný |